[Event "GER-ch U12"]
[Site "Willingen"]
[Date "2017.06.04"]
[Round "1"]
[White "Roessel, Gino"]
[Black "Kuehn, Antoni"]
[Result "1-0"]
[WhiteElo "1672"]
[BlackElo "940"]
[PlyCount "51"]
[EventDate "2017.06.04"]
[EventType "swiss"]
[EventRounds "11"]
[EventCountry "GER"]
[SourceTitle "CBM 178 Extra"]
[Source "ChessBase"]
[SourceDate "2017.06.22"]
[SourceVersion "1"]
[SourceVersionDate "2017.06.22"]
[SourceQuality "1"]

1. e4 e5 2. Nf3 Nc6 3. Bb5 Nf6 4. 0-0 Bc5 5. Re1 0-0 6. c3 Re8 7. d3 a6 8. Ba4 b5 9. Bb3 d5 10. exd5 Nxd5 11. d4 exd4 12. Rxe8+ Qxe8 13. Bxd5 Bb7 14. cxd4 Bd6 15. Ng5 Nd8 16. Bxb7 Nxb7 17. Be3 Qe7 18. Qc2 g6 19. Qe4 Qxe4 20. Nxe4 Re8 21. Nf6+ Kf8 22. Nxe8 Kxe8 23. Nc3 b4 24. Ne4 Na5 25. Nxd6+ cxd6 26. b3 1-0